000 00520nam a2200193Ia 4500
005 20250326141017.0
008 250326s9999 xx 000 0 und d
020 _a0-394-72903-X
037 _aTextbook
040 _aFMSL
_beng
_cFMSL
041 _aeng
_2eng
084 _aX:513 M3
_qFMSL
100 _aOgilvy D
_9743534
245 0 _aOgily on advertising
_cOgilvy D
260 _aNew York
_bNew York, NY , Vintage books
_c1983
300 _a224p
942 _cTB
_hX:513 M3
999 _c1288282
_d1288282